Entry Nombre personal
001 - NÚMERO DE CONTROL
- campo de control: 6546
003 - IDENTIFICADOR DEL NÚMERO DE CONTROL
- campo de control: BNPHU
005 - FECHA Y HORA DE LA ÚLTIMA TRANSACCIÓN
- campo de control: 20240408134827.0
008 - DATOS DE LONGITUD FIJA
- campo de control de longitud fija: 200615|| aca||aabn | a|a d
010 ## - NÚMERO DE CONTROL DE LA BIBLIOTECA DEL CONGRESO
- Número de control de LC: n 81090448
040 ## - FUENTE DE LA CATALOGACIÓN
- Centro catalogador/agencia de origen: DO-SdBNP
- Lengua de catalogación: spa
- Centro/agencia transcriptor: BNPHU
- Normas de descripción: rda
100 ## - ENCABEZAMIENTO-NOMBRE DE PERSONA
- Nombre de persona: Santana, Pedro.
- Fechas asociadas al nombre: 1801-1864
370 ## - LUGAR ASOCIADO
- Lugar de nacimiento: Santo Domingo, República Dominicana
374 ## - OCUPACIÓN
- Ocupación: Hacendado
- Ocupación: Febrerista
- Ocupación: Militar
- Ocupación: Político
- Ocupación: Exmasón
- Ocupación: Noble y caudillo hispano-dominicano
375 ## - GÉNERO/SEXO
- Género/Sexo: Masculino
377 ## - LENGUA/LENGUAJE ASOCIADO
- Código del idioma: spa
- Término de lengua/lenguaje: Español
400 1# - TRAZADO DE VÉASE--NOMBRE DE PERSONA
- Nombre de persona: Santana, Pedro,
- Títulos y otros términos asociados al nombre: Presidente República Dominicana
- Fechas asociadas al nombre: 1801-1864
400 1# - TRAZADO DE VÉASE--NOMBRE DE PERSONA
- Nombre de persona: Santana Familias, Pedro,
- Fechas asociadas al nombre: 1801-1864
400 1# - TRAZADO DE VÉASE--NOMBRE DE PERSONA
- Nombre de persona: Familias, Pedro Santana,
- Fechas asociadas al nombre: 1801-1864
510 ## - TRAZADO DE VÉASE ADEMÁS--NOMBRE DE ENTIDAD CORPORATIVA
- Nombre de entidad corporativa o nombre de jurisdicción como elemento de entrada: República Dominicana
- Unidad subordinada: Presidente (1853-1857 : Santana)
510 1# - TRAZADO DE VÉASE ADEMÁS--NOMBRE DE ENTIDAD CORPORATIVA
- Nombre de entidad corporativa o nombre de jurisdicción como elemento de entrada: República Dominicana
- Unidad subordinada: Presidente (1844-1848 : Santana)
670 ## - FUENTE DE DATOS ENCONTRADOS
- Cita de la fuente: Work cat.: (OSt)1892: Castro Cotes, Norman Augusto de 1933- 6545, Santa Cruz del Seibo :, 2007.
670 ## - FUENTE DE DATOS ENCONTRADOS
- Identificador Uniforme del Recurso: https://authorities.loc.gov/cgi-bin/Pwebrecon.cgi?AuthRecID=62326&v1=1&HC=1&SEQ=20240408133536&PID=Sncocxz4p1v0BcY1ZljD-sAK7R18 Consultado en: 08/04/2024
670 ## - FUENTE DE DATOS ENCONTRADOS
- Identificador Uniforme del Recurso: https://es.wikipedia.org/wiki/Pedro_Santana Consultado en : 08/04/2024
